000 00614nam a2200193Ia 4500
003 GCL
008 140319s9999 xx 000 0 eng d
040 _aGCL /
_cGCL
082 0 4 _a629.13236
_bA A
100 1 _aABZUG, MALCOLM J
245 1 0 _aAIRPLANE STABILITY AND CONTROL: A HISTORY OF THE TECHNOLOGIES THAT MADE AVIATION POSSIBLE /
_cABZUG, MALCOLM J
700 1 _aLARROBEE,E. EUGINE
260 _a[S.N] :
_bCAMBRIDGE UNIVERSITY PRESS ،
_c1997
300 _a373 P
650 0 4 _aAIRPLANES - HISTORY
650 0 4 _aSTABILITY OF AIRPLANES
650 0 4 _aAIRPLANES - DESIGN AND CONSTRUCTION
942 _2ddc
_cBK
999 _c15954
_d15954